000 00483nam a2200169Ia 4500
001 10375
005 20260306161827.0
008 260306t9999||||xx |||||||||||||| ||spa||
041 _aESP
082 _a922.2
_bT72
100 _aComunión y Liberación
_eAUT
245 0 _aToribio Alfonso de Mogrovejo (España 1538 - Perú 1606):
_bdocumentos de una excepcional aventura humana
300 _a63 páginas :
_c27 cm.
650 _aGEN
654 _aCHU
942 _cLIB
_dJUS
_fJUS
_2ddc
_n
999 _c10375
_d10375